000 00601nam a2200181Ia 4500
005 20250508164837.0
008 008 250505s9999 xx 000 0 eng d
037 _aDissertations
040 _aFEDL
_beng
_cFEDL
041 _aeng
_2eng
084 _a371.9, ACH/DI
_qFEDL
100 _aAcharya Anjali B
_9779281
245 0 _aStudy of the attitude of teachers and peer-learners towards children with special need in an inclusive education set-up
260 _c2009
546 _aM. Ed. Dissertation (Delhi University)
942 _cDIS
_h371.9, ACH/DI
999 _c1391537
_d1391537